<?xml version="1.0" encoding="UTF-8"?>
<record
    xmlns:xsi="http://www.w3.org/2001/XMLSchema-instance"
    xsi:schemaLocation="http://www.loc.gov/MARC21/slim http://www.loc.gov/standards/marcxml/schema/MARC21slim.xsd"
    xmlns="http://www.loc.gov/MARC21/slim">

  <leader>00744nam a2200241 a 4500</leader>
  <controlfield tag="001">45627</controlfield>
  <controlfield tag="003">BD-RjUL</controlfield>
  <controlfield tag="005">20211209054039.0</controlfield>
  <controlfield tag="008">160727s1966    mau           001 0 eng  </controlfield>
  <datafield tag="035" ind1=" " ind2=" ">
    <subfield code="a">(BD-RjUL)45745</subfield>
  </datafield>
  <datafield tag="040" ind1=" " ind2=" ">
    <subfield code="a">DLC</subfield>
    <subfield code="c">DLC</subfield>
    <subfield code="d">DLC</subfield>
    <subfield code="d">BD-RjUL</subfield>
    <subfield code="b">eng</subfield>
  </datafield>
  <datafield tag="041" ind1=" " ind2=" ">
    <subfield code="a">eng</subfield>
  </datafield>
  <datafield tag="082" ind1=" " ind2=" ">
    <subfield code="2">23</subfield>
    <subfield code="a">341.232</subfield>
    <subfield code="b">CLW 1966</subfield>
  </datafield>
  <datafield tag="100" ind1="1" ind2=" ">
    <subfield code="a">Clark, Grenville,</subfield>
    <subfield code="d">1882-</subfield>
    <subfield code="9">139671</subfield>
  </datafield>
  <datafield tag="245" ind1="1" ind2="0">
    <subfield code="a">World peace through world law :</subfield>
    <subfield code="b">two alternative plans /</subfield>
    <subfield code="c">Grenville Clark, Louis B. Sohn.</subfield>
  </datafield>
  <datafield tag="250" ind1=" " ind2=" ">
    <subfield code="a">3rd  enl.ed.</subfield>
  </datafield>
  <datafield tag="260" ind1=" " ind2=" ">
    <subfield code="a">Cambridge :</subfield>
    <subfield code="b">Harvard University Press,</subfield>
    <subfield code="c">c1966</subfield>
  </datafield>
  <datafield tag="300" ind1=" " ind2=" ">
    <subfield code="a">liv, 535 p. ;</subfield>
    <subfield code="c">26 cm.</subfield>
  </datafield>
  <datafield tag="500" ind1=" " ind2=" ">
    <subfield code="a">Includes index. </subfield>
  </datafield>
  <datafield tag="610" ind1="2" ind2="0">
    <subfield code="a">United Nations.</subfield>
    <subfield code="9">139681</subfield>
  </datafield>
  <datafield tag="700" ind1="1" ind2=" ">
    <subfield code="a">Sohn, Louis B.,</subfield>
    <subfield code="e">joint author.</subfield>
    <subfield code="9">139673</subfield>
  </datafield>
  <datafield tag="942" ind1=" " ind2=" ">
    <subfield code="2">ddc</subfield>
    <subfield code="c">BK</subfield>
  </datafield>
  <datafield tag="999" ind1=" " ind2=" ">
    <subfield code="c">45627</subfield>
    <subfield code="d">45627</subfield>
  </datafield>
  <datafield tag="952" ind1=" " ind2=" ">
    <subfield code="0">0</subfield>
    <subfield code="1">0</subfield>
    <subfield code="2">ddc</subfield>
    <subfield code="4">0</subfield>
    <subfield code="7">0</subfield>
    <subfield code="8">NFIC</subfield>
    <subfield code="a">RUCL</subfield>
    <subfield code="b">RUCL</subfield>
    <subfield code="c">Stack</subfield>
    <subfield code="d">1967-11-23</subfield>
    <subfield code="e">Zeitlinger</subfield>
    <subfield code="g">68.00</subfield>
    <subfield code="l">0</subfield>
    <subfield code="o">341.232 CLW 1966</subfield>
    <subfield code="r">2016-07-27 00:00:00</subfield>
    <subfield code="t">C-2</subfield>
    <subfield code="w">2016-07-27</subfield>
    <subfield code="y">BK</subfield>
  </datafield>
  <datafield tag="952" ind1=" " ind2=" ">
    <subfield code="0">0</subfield>
    <subfield code="1">0</subfield>
    <subfield code="2">ddc</subfield>
    <subfield code="4">0</subfield>
    <subfield code="7">0</subfield>
    <subfield code="8">NFIC</subfield>
    <subfield code="a">RUCL</subfield>
    <subfield code="b">RUCL</subfield>
    <subfield code="c">Stack</subfield>
    <subfield code="d">1967-11-23</subfield>
    <subfield code="e">Zeitlinger</subfield>
    <subfield code="g">68.00</subfield>
    <subfield code="l">0</subfield>
    <subfield code="o">341.232 CLW 1966</subfield>
    <subfield code="r">2016-07-27 00:00:00</subfield>
    <subfield code="t">C-3</subfield>
    <subfield code="w">2016-07-27</subfield>
    <subfield code="y">BK</subfield>
  </datafield>
  <datafield tag="952" ind1=" " ind2=" ">
    <subfield code="0">0</subfield>
    <subfield code="1">0</subfield>
    <subfield code="2">ddc</subfield>
    <subfield code="4">0</subfield>
    <subfield code="7">0</subfield>
    <subfield code="8">NFIC</subfield>
    <subfield code="a">RUCL</subfield>
    <subfield code="b">RUCL</subfield>
    <subfield code="c">Stack</subfield>
    <subfield code="d">1967-11-23</subfield>
    <subfield code="e">Zeitlinger</subfield>
    <subfield code="g">68.00</subfield>
    <subfield code="l">0</subfield>
    <subfield code="o">341.232 CLW 1966</subfield>
    <subfield code="r">2016-07-27 00:00:00</subfield>
    <subfield code="t">C-4</subfield>
    <subfield code="w">2016-07-27</subfield>
    <subfield code="y">BK</subfield>
  </datafield>
  <datafield tag="952" ind1=" " ind2=" ">
    <subfield code="0">0</subfield>
    <subfield code="1">0</subfield>
    <subfield code="2">ddc</subfield>
    <subfield code="4">0</subfield>
    <subfield code="7">0</subfield>
    <subfield code="8">NFIC</subfield>
    <subfield code="a">RUCL</subfield>
    <subfield code="b">RUCL</subfield>
    <subfield code="c">Stack</subfield>
    <subfield code="d">1967-11-23</subfield>
    <subfield code="e">Zeitlinger</subfield>
    <subfield code="g">68.00</subfield>
    <subfield code="l">0</subfield>
    <subfield code="o">341.232 CLW 1966</subfield>
    <subfield code="r">2016-07-27 00:00:00</subfield>
    <subfield code="t">C-5</subfield>
    <subfield code="w">2016-07-27</subfield>
    <subfield code="y">BK</subfield>
  </datafield>
</record>
